Регионална библиотека "Любен Каравелов" - Русе

Стопанска история на България (Запис номер 209262)

MARC детайли
000 -Лидер
Контролно поле с фиксирана дължина 01833nkm a2200445 c 4500
003 - Код на организацията, давaща контролен номер
Контролно поле BLK
005 - Дата и час на последна редакция
Контролно поле 20230804005144.0
008 - Елементи от данни с фиксирана дължина
fixed length control field 180412b bul rap|r|||| r0| ||bulo|
010 ## - Наследен системен номер
LC control number KNG00103007000
020 ## - Международен стандартен номер на книга ISBN
Международен стандартен номер на книга ISBN 954-9548-36-8
040 ## - Източник на каталожния запис
Идентификатор на билиотеката - собственик на записа BLK
041 ## - Код за език
Код за езика на текст/звукозапис или на отделно заглавие Български
Код за езика КДБФ Български
072 #7 - Код за тематичната категория
Код организация bullib
Код за тематична категория Я
Текст Автографи
072 #7 - Код за тематичната категория
Код организация bullib
Код за тематична категория К
Текст Краезнание
080 ## - УДК
Текстов определител УДК Икономическо положение. Икономическа политика. Управление. Планиране. Производство. Услуги. Цени
УДК код - определител по УДК 338
УДК определител (497.2)(091)(084.12)(076)
УДК - код + определител 338(497.2)(091)(084.12)(076)
139 ## - Редно поле
Редна дума Душков, Живодар Иванов
Авторски знак Душ - Д 94
245 10 - Сведения за заглавието
Заглавие Стопанска история на България
Подзаглавни данни Ил. уч. помагало
Редно поле (дума) авт.-състав. Живодар Иванов Душков.
257 ## - Страна на издаване
Страна на създаване/издаване България
260 ## - Област на издателските данни
Име на издателя, разпространителя и проч. Русенски унив. А. Кънчев
Година на издаване 2002
Печатница Русе : Авангард принт
300 ## - Физическа характеристика
Страници 72 с.
Илюстрации и др. със сн., ил.
Размери/Мащаб 22х22 см
380 ## - Жанр
Жанр Обществени науки
500 ## - Общи забележки
Забележка Авт. не е означен на кор. - Библиогр. под линия. - Офс. изд.
650 #4 - Допълнително описание по предмет – тема
Основно описание – тема или топоним Стопанство - България - история
9 (RLIN) 247403
651 #4 - Допълнително описание по предмет - топоним
Географско понятие България
9 (RLIN) 241624
653 ## - Ключова дума – ненормативна
Ключова дума стопанска история
653 ## - Ключова дума – ненормативна
Ключова дума България
653 ## - Ключова дума – ненормативна
Ключова дума учебни помагала
659 ## - Тематичен бюлетин
Тематичен бюлетин К
659 ## - Тематичен бюлетин
Тематичен бюлетин Я
700 ## - Други автори (авторска отговорност)
Лично име Душков, Живодар Иванов
Автороска отговорност (Описва отношението между автора и произведението) авт.-състав.
9 (RLIN) 368890
852 ## - Местоположение
Форматна сигнатура Цб 302279
852 ## - Местоположение
Форматна сигнатура К 338/Д 94 Ж
856 4# - Електронен адрес и достъп
Електронен формат pdf - файл
Път до файла /url/
856 4# - Електронен адрес и достъп
Електронен формат pdf - файл
Път до файла /url/
999 ## - СИСТЕМНИ КОНТРОЛНИ НОМЕРА
Koha biblionumber 209262
Koha biblioitemnumber 209262
942 ## - АРТИКУЛИ
Вид на библиотечния материал Графични издания
Скрит в OPAC Не
Периодичен библиозапис Да
944 ## - СЪЗДАВАНЕ И РЕДАКЦИЯ на ЗАПИСА
Създаване/Редакция Създаване
Дата на регистрацията/редакция 01.01.2002
Статус, дата на статуса CRON CRON
Служител, извършил регистрацията/редакцията
944 ## - СЪЗДАВАНЕ И РЕДАКЦИЯ на ЗАПИСА
Създаване/Редакция Редакция
Дата на регистрацията/редакция 26.05.2014
Статус, дата на статуса ф /
999 ## - СИСТЕМНИ КОНТРОЛНИ НОМЕРА
Koha biblioitemnumber 209262
999 ## - СИСТЕМНИ КОНТРОЛНИ НОМЕРА
Koha biblioitemnumber 209262
Наличности
Код за отписване Код за изгубен артикул Източник на класификационната схема Код за повреда Коз за рестрикции Код за отдаване Артикулен № Име на библиотеката - собственик Име на библиотеката, в която се намира в момента Статус (Текущо местоположение) Дата на вписване в системата Местоположение - отдел Цена в лева Номерация (Хронология) Инвентарен номер Систематично азбучна сигнатура Баркод Номер на екземпляра Цена в евро Служебна бележка Служебен тип на артикула
  Не е изгубен Universal Decimal Classification Не е повреден без рестрикции ползва се в читалня 360516 Регионална библиотека "Любен Каравелов" Русе Регионална библиотека "Любен Каравелов" Русе Хранилище 2002-09-09 Основен фонд - ползва се само за читалня 3.00 Автограф: Живодар Душков 120000671939 Цб 302279 120000671939 1 1.53 Дост: DA Вид: А N: 32 Дата: 09.09.2002 Графични издания
  Не е изгубен Universal Decimal Classification Не е повреден без рестрикции ползва се в читалня 360517 Регионална библиотека "Любен Каравелов" Русе Регионална библиотека "Любен Каравелов" Русе Краезнание 2005-01-06 Краезнание 5.00   120000690977 К 338/Д 94 Ж 120000690977 2 2.56 Дост: DA Вид: А N: 1 Дата: 06.01.2005 Дата инв: 09.11.2017 Бележки инв: К2017 Графични издания
Изтеглен Не е изгубен Universal Decimal Classification Не е повреден без рестрикции ползва се в читалня 360518 Регионална библиотека "Любен Каравелов" Русе Регионална библиотека "Любен Каравелов" Русе Отдел Изкуство - читалня 2012-09-10 Отдел Изкуство - читалня 5.00   120000759672 И 3/Д 94 120000759672 3 2.56 Дост: DA Вид: А N: 18 Дата: 03.09.2012 Графични издания
Vip Innovations Ltd, Rousse, Bulgaria 2025